Lean analytics (Record no. 5010)

MARC details
000 -CABECERA
campo de control de longitud fija 03531cam a2200433 a 4500
001 - NÚMERO DE CONTROL
campo de control 991107423444806196
005 - FECHA Y HORA DE LA ÚLTIMA TRANSACCIÓN
campo de control 20260512150250.0
006 - CÓDIGOS DE INFORMACIÓN DE LONGITUD FIJA--CARACTERÍSTICAS DEL MATERIAL ADICIONAL
campo de control de longitud fija m o d
007 - CAMPO FIJO DE DESCRIPCIÓN FÍSICA--INFORMACIÓN GENERAL
campo de control de longitud fija cr#cnu---unuuu
008 - DATOS DE LONGITUD FIJA--INFORMACIÓN GENERAL
campo de control de longitud fija 130402s2013 caua ob 001 0 eng d
020 ## - NÚMERO INTERNACIONAL ESTÁNDAR DEL LIBRO
Número Internacional Estándar del Libro 9781098168179
035 ## - NÚMERO DE CONTROL DEL SISTEMA
Número de control de sistema (CaSebORM)9781098168179
035 ## - NÚMERO DE CONTROL DEL SISTEMA
Número de control de sistema (CKB)5590000001307263
035 ## - NÚMERO DE CONTROL DEL SISTEMA
Número de control de sistema (OCoLC)834614819
035 ## - NÚMERO DE CONTROL DEL SISTEMA
Número de control de sistema (OCoLC-P)834614819
035 ## - NÚMERO DE CONTROL DEL SISTEMA
Número de control de sistema (EXLCZ)995590000001307263
040 ## - FUENTE DE LA CATALOGACIÓN
Centro catalogador/agencia de origen OCoLC-P
Lengua de catalogación eng
Normas de descripción pn
Centro/agencia transcriptor OCoLC-P
041 ## - CÓDIGO DE LENGUA
Código de lengua del texto/banda sonora o título independiente English
050 #4 - SIGNATURA TOPOGRÁFICA DE LA BIBLIOTECA DEL CONGRESO
Número de clasificación HD62.5
Número de documento/Ítem .C77 2013eb
100 ## - ENTRADA PRINCIPAL--NOMBRE DE PERSONA
Nombre de persona Croll, Alistair
9 (RLIN) 21612
245 10 - MENCIÓN DE TÍTULO
Título Lean analytics
Resto del título : use data to build a better startup faster
Mención de responsabilidad, etc. / Alistair Croll, Benjamin Yoskovitz.
250 ## - MENCIÓN DE EDICIÓN
Mención de edición First edition
260 ## - PUBLICACIÓN, DISTRIBUCIÓN, ETC.
Lugar de publicación, distribución, etc. Sebastopol, CA :
Nombre del editor, distribuidor, etc. O'Reilly Media,
Fecha de publicación, distribución, etc. 2013.
300 ## - DESCRIPCIÓN FÍSICA
Extensión xxiv, 409 pages :
Otras características físicas illustrations.
490 1# - MENCIÓN DE SERIE
Mención de serie The lean series
505 0# - NOTA DE CONTENIDO CON FORMATO
Nota de contenido con formato Stop Lying to Yourself — We’re All Liars — How to Keep Score — Deciding What to Do with Your Life — Data-Driven Versus Data-Informed — Finding the Right Metric for Right Now — Analytics Frameworks — The Discipline of One Metric That Matters — What Business Are You In? — Model One: E-commerce — Model Two: Software as a Service (SaaS) — Model Three: Free Mobile App — Model Four: Media Site — Model Five: User-Generated Content — Model Six: Two-Sided Marketplaces — What Stage Are You At? — Stage One: Empathy — Stage Two: Stickiness — Stage Three: Virality — Stage Four: Revenue — Stage Five: Scale — Model + Stage Drives the Metric You Track — Lines in the Sand — Am I Good Enough? — E-commerce: Lines in the Sand — SaaS: Lines in the Sand — Free Mobile App: Lines in the Sand — Media Site: Lines in the Sand — User-Generated Content: Lines in the Sand — Two-Sided Marketplaces: Lines in the Sand — What to Do When You Don’t Have a Baseline — Putting Lean Analytics to Work — Selling into Enterprise Markets — Learn from Within: Intrapreneurs — Conclusion: Beyond Startups.
520 ## - SUMARIO, ETC.
Sumario, etc. Whether you're a start-up founder aiming to disrupt an industry or an entrepreneur seeking to drive change from within, your greatest challenge is creating a product that people genuinely want. Lean Analytics guides you in the right direction.<br/><br/>This book shows you how to validate your initial idea, identify the right customers, decide what to build, determine how to monetise your business, and spread the word effectively. Packed with over thirty case studies and insights from more than a hundred business experts, Lean Analytics offers hard-won, real-world knowledge that no entrepreneur can afford to be without.<br/><br/>Understand Lean Start-up principles, analytics fundamentals, and the data-driven mindset: <br/><br/>Explore six sample business models and how they apply to ventures of all sizes - <br/>Discover the One Metric That Matters to you - <br/>Learn how to draw a line in the sand, so you’ll know when it’s time to move forward -<br/>Apply Lean Analytics principles to large enterprises and established products.
588 ## - NOTA DE FUENTE DE LA DESCRIPCIÓN
Nota de fuente de la descripción OCLC-licensed vendor bibliographic record.
630 #0 - PUNTO DE ACCESO ADICIONAL DE MATERIA--TÍTULO UNIFORME
Título uniforme B3 DM Web Analytics & Search Engine Optimization (BiM)
9 (RLIN) 26975
650 #0 - PUNTO DE ACCESO ADICIONAL DE MATERIA--TÉRMINO DE MATERIA
Término de materia o nombre geográfico como elemento de entrada New business enterprises
9 (RLIN) 2621
650 #0 - PUNTO DE ACCESO ADICIONAL DE MATERIA--TÉRMINO DE MATERIA
Término de materia o nombre geográfico como elemento de entrada Entrepreneurship
9 (RLIN) 570
650 #0 - PUNTO DE ACCESO ADICIONAL DE MATERIA--TÉRMINO DE MATERIA
Término de materia o nombre geográfico como elemento de entrada Success in business
9 (RLIN) 1506
650 #0 - PUNTO DE ACCESO ADICIONAL DE MATERIA--TÉRMINO DE MATERIA
Término de materia o nombre geográfico como elemento de entrada Marketing research
9 (RLIN) 1465
650 #0 - PUNTO DE ACCESO ADICIONAL DE MATERIA--TÉRMINO DE MATERIA
Término de materia o nombre geográfico como elemento de entrada Consumers
Subdivisión general Psychology
9 (RLIN) 7445
700 ## - ENTRADA AGREGADA--NOMBRE PERSONAL
Nombre de persona Yoskovitz, Benjamin
9 (RLIN) 21611
830 #0 - PUNTO DE ACCESO ADICIONAL DE SERIE-TÍTULO UNIFORME
Título uniforme Lean series.
906 ## - ELEMENTOS DE DATOS F LOCAL, LDF (RLIN)
a BOOK
942 ## - ELEMENTOS DE ENTRADA AGREGADA (KOHA)
Fuente del sistema de clasificación o colocación Clasificación de Library of Congress
Holdings
Estado de retiro Estado de pérdida Fuente del sistema de clasificación o colocación Estado dañado No para préstamo Código de colección Biblioteca de origen Biblioteca actual Fecha de adquisición Total de préstamos Signatura topográfica completa Código de barras Fecha visto por última vez Número de copia Precio válido a partir de Tipo de ítem Koha
    Clasificación de Library of Congress     Core Textbooks TBS Barcelona TBS Barcelona 07/10/2025   HD62.5 CRO B07702 07/10/2025 1 07/10/2025 Book

Powered by Koha